|
|
|
|
| LEADER |
00785nam a22002172a 4500 |
| 001 |
001756627 |
| 003 |
CZ BrMZK |
| 005 |
20200908150517.0 |
| 007 |
ta |
| 008 |
200630s1952 fr er|||||||||||fre d |
| 040 |
|
|
|a ABA001
|b cze
|c ABA001
|d ABA001
|d BOA001
|
| 100 |
1 |
|
|a Éluard, Paul,
|d 1895-1952
|7 jn19981000975
|4 aut
|
| 245 |
1 |
0 |
|a Anthologie des Écrits sur l'Art.
|n Vol. 1,
|p Les Frȩres voyants /
|c Paul Éluard
|
| 246 |
3 |
0 |
|a Frȩres voyants
|
| 260 |
|
|
|a Paris :
|b Cercle d'Art,
|c 1952
|
| 300 |
|
|
|a 135 s.
|
| 910 |
|
|
|a BOA001
|b 3-0415.404
|b 3-0326.175,1
|
| 990 |
|
|
|a BK
|
| 991 |
|
|
|b 202006
|
| 996 |
7 |
|
|b 2618880480
|c 3-0415.404
|l MZK
|r Sklad / do 1 hodiny
|n 0
|w 001811600
|u 000010
|a 1
|e BOA001
|j MZK50
|s A
|
| 996 |
7 |
|
|b 2619795146
|c 3-0326.175,1
|l MZK
|r Sklad / do 1 hodiny
|n 3
|w 001811600
|u 000020
|a 1
|e BOA001
|j MZK50
|s A
|